| 000 | 01675cam a2200385 a 4500 | ||
|---|---|---|---|
| 999 |
_c7474 _d7474 |
||
| 001 | 12653012 | ||
| 003 | OSt | ||
| 005 | 20211115102436.0 | ||
| 008 | 011204s2001 enkab b 001 0 eng d | ||
| 010 | _a 2002327787 | ||
| 020 | _a0855984678 | ||
| 035 | _a(OCoLC)ocm48528185 | ||
| 040 |
_aVYF _cDLC _dVYF _dDLC |
||
| 043 | _af-ke--- | ||
| 050 | 0 | 0 |
_aHC865.Z7 _bW353 2001 |
| 082 | 0 | 0 | _a636BIR 2001 |
| 100 | 1 |
_aBirch, Isobel. _915313 |
|
| 245 | 1 | 0 |
_aPerspectives on pastoral development : _ba casebook from Kenya / _cIsobel Birch and Halima A. O. Shuria. |
| 260 |
_aOxford : _bOxfam ; _aHerndon, Va. : _bStylus, _cc2001. |
||
| 300 |
_axiv, 146 p. : _bill., maps ; _c22 cm. |
||
| 440 | 0 |
_aOxfam development casebooks _915314 |
|
| 504 | _aIncludes bibliographical references (p. 133-137) and index. | ||
| 650 | 0 |
_aEconomic development projects _zKenya _zWajir District. _915315 |
|
| 650 | 0 |
_aCommunity development _zKenya _zWajir District. _915316 |
|
| 650 | 0 |
_aPastoral systems _zKenya _zWajir District. _915317 |
|
| 651 | 0 |
_aWajir District (Kenya) _xEconomic conditions. _915318 |
|
| 700 | 1 |
_aShuria, Halima A. O. _915319 |
|
| 710 | 2 |
_aOxfam. _915320 |
|
| 856 | 4 | 2 |
_3Publisher description _uhttp://www.loc.gov/catdir/enhancements/fy1115/2002327787-d.html |
| 856 | 4 | 1 |
_3Table of contents only _uhttp://www.loc.gov/catdir/enhancements/fy1115/2002327787-t.html |
| 856 | 4 | 2 |
_3Contributor biographical information _uhttp://www.loc.gov/catdir/enhancements/fy1207/2002327787-b.html |
| 906 |
_a7 _bcbc _ccopycat _d2 _encip _f20 _gy-gencatlg |
||
| 942 |
_2ddc _cO_SHELF |
||